Xử lý và nâng cấp mạch logic
Giới thiệu phần mềm Orcad Express được dùng trong việc lập trình để thiết kế các thiết bị logic và triển khai các mạch tổ hợp. Sơ đồ thiết kế, môi trường, dữ kiện, thông số..
Enregistré dans:
| Auteur principal: | |
|---|---|
| Format: | Livre |
| Langue: | Undetermined |
| Publié: |
Hà Nội
Thống Kê
2001
|
| Sujets: | |
| Tags: |
Ajouter un tag
Pas de tags, Soyez le premier à ajouter un tag!
|
| Thư viện lưu trữ: | Trung tâm Học liệu Trường Đại học Cần Thơ |
|---|
| LEADER | 00821nam a2200193Ia 4500 | ||
|---|---|---|---|
| 001 | CTU_226530 | ||
| 008 | 210402s9999 xx 000 0 und d | ||
| 082 | |a 621.395 | ||
| 082 | |b H407 | ||
| 100 | |a Đặng, Minh Hoàng | ||
| 245 | 0 | |a Xử lý và nâng cấp mạch logic | |
| 245 | 0 | |c Đặng Minh Hoàng | |
| 260 | |a Hà Nội | ||
| 260 | |b Thống Kê | ||
| 260 | |c 2001 | ||
| 520 | |a Giới thiệu phần mềm Orcad Express được dùng trong việc lập trình để thiết kế các thiết bị logic và triển khai các mạch tổ hợp. Sơ đồ thiết kế, môi trường, dữ kiện, thông số.. | ||
| 650 | |a Logic circuits,Mạch logic | ||
| 910 | |b vtbtruc | ||
| 980 | |a Trung tâm Học liệu Trường Đại học Cần Thơ | ||